Normal view
MARC view
- PHD ELECTRICAL ENGINEERING-2017 PHDTHESIS
Entry Topical Term
001 - CONTROL NUMBER
- control field: 70236
003 - CONTROL NUMBER IDENTIFIER
- control field: NUST
005 - DATE AND TIME OF LATEST TRANSACTION
- control field: 20210628204416.0
008 - FIXED-LENGTH DATA ELEMENTS
- fixed length control field: 210628|| aca||aabn | a|a d
040 ## - CATALOGING SOURCE
- Original cataloging agency: NUST
- Transcribing agency: NUST
150 ## - HEADING--TOPICAL TERM
- Topical term or geographic name entry element: PHD ELECTRICAL ENGINEERING-2017 PHDTHESIS
670 ## - SOURCE DATA FOUND
- Source citation: Work cat.: (NUST): Wasim Pervez 70235, TH-SOF-1418-Optimal Parameter Selection for High Accuracy Area Classification in Hyper spectral and Landsat-8 Imagery with Seasonal Change Detection, 2017
